Decisions, organizations and society
Saved in:
| Format: | Book |
|---|---|
| Language: | Undetermined |
| Published: |
New York
Penguin Book
1971
|
| Subjects: | |
| Tags: |
Add Tag
No Tags, Be the first to tag this record!
|
| Institutions: | Trung tâm Học liệu Trường Đại học Cần Thơ |
|---|
| LEADER | 00436nam a2200157Ia 4500 | ||
|---|---|---|---|
| 001 | CTU_86432 | ||
| 008 | 210402s9999 xx 000 0 und d | ||
| 082 | |a 301.15 | ||
| 082 | |b D294 | ||
| 245 | 0 | |a Decisions, organizations and society | |
| 260 | |a New York | ||
| 260 | |b Penguin Book | ||
| 260 | |c 1971 | ||
| 650 | |a Decision making,Organizational sociology. | ||
| 904 | |i Năm | ||
| 980 | |a Trung tâm Học liệu Trường Đại học Cần Thơ | ||